Statistics for Better Call Saul Trivia #P

Click here to take the quiz!

General Stats

  • This quiz has been taken 24 times
  • The average score is 8 of 15

Answer Stats

HintAnswer% Correct
Nacho switches Hectors __Pills
100%
And throws them back into his coat __, in a tense scenePocket
94%
Sound guy of the camera crewPhil
88%
City, where Mike used to be a police officerPhiladelphia
88%
Kim loves working __ __ casesPro bono
71%
Works at Mesa VerdePaige Novick
59%
Mikes favorite sort of sandwichPimento
59%
Magazine little Jimmy reads in his fathers shopPlayboy
59%
Tuco knifed a guy in __Prison
59%
Jimmy poses as a __ on the phone, when running a scamPastor
47%
Jimmy intimidates youths by Huell and mountain man smashing __Pinatas
47%
Highest rated episode of BCS according to imdbPlan and Execution
24%
Dannys alias in the criminal worldPryce
24%
In Florida, Kim works at __ __ Sprinklers.Palm Coast Sprinklers
12%
Name of a judge in Albuquerque, mentioned but not seen numerous timesPapadoumian
12%

Score Distribution

Percentile by Number Answered

Percent of People with Each Score

Your Score History

You have not taken this quiz